000 00534cam a2200205ua 4500
001 6768
008 140212n ii |||gr||||Z||||||eng
020 _a81-7096-185-8
040 _cMAIN
082 _a519.5
245 _aBusiness mathematics and statistics
_cBy N.K. Nag
250 _a2nd ed.
260 _aLudhiana:
_bKalyani publishers,
_c1987.
300 _aviii,537p.
653 _aCommerce
653 _aBusiness mathematics and statistics
700 _aNag,N.K.,
_eAuthor.,
700 1 _aChanda,S.C.,
_eAuthor.
942 _cBK
999 _c5916
_d5916